Statistics for 5 Missing North American Countries on a Map.

Click here to take the quiz!

General Stats

  • This quiz has been taken 75 times
  • The average score is 5 of 5

Answers on the Map

Answers color-coded by a green-red scale on the quiz's map according to % correct below.
 

Answer Stats

Country% Correct
Canada
100%
Honduras
100%
Mexico
100%
United States
100%
Costa Rica
95%
Guatemala
95%
Haiti
95%
Dominican Republic
94%
Nicaragua
93%
Cuba
88%
Bahamas
85%
Panama
83%
El Salvador
82%
Belize
75%
Jamaica
73%

Score Distribution

Percentile by Number Answered

Percent of People with Each Score

Your Score History

You have not taken this quiz